Sportifs en F - Statistiques

Statistiques générales
  • Ce quiz a été pris 248 fois
  • Le résultat moyen est 8 sur 14
Statistiques - réponses
Par images Réponse % Correct
Roger Federer
99%
Luis Figo
86%
Martin Fourcade
86%
Robert Firmino
81%
Fabinho
76%
Christopher Froome
67%
Diego Forlan
65%
Laura Flessel
60%
Pauline Ferrand-Prévot
48%
Just Fontaine
47%
Laurent Fignon
43%
Juan Manuel Fangio
27%
George Foreman
17%
Joe Frazier
13%
Aucun quiz correspondant
Distribution des résultats
% des personnes avec chaque résultat
Percentile par nombre de réponses
Votre historique - résultats
Vous n’avez pas pris ce quiz